000 00288nam a22001217a 4500
020 _a978-81-264-3008-6
082 _a923.1 AZH/AR
100 _aSukumar Azhikode
245 _aArangukaliloode Azhikkodu (Malayalam)
260 _aKottayam
_bD C Books
_c2011
300 _a437
942 _cBK
999 _c299459
_d299459